| 000 | 00696nam a2200253 a 4500 | ||
|---|---|---|---|
| 999 |
_c3724 _d3724 |
||
| 001 | 3724 | ||
| 003 | BD-JhCC | ||
| 005 | 20180306130907.0 | ||
| 008 | 171116s2008 bg |||| |||| 000 0 eng d | ||
| 020 | _a9840512129 | ||
| 035 | _a(BD-JhCC)3724 | ||
| 040 |
_aBD-JhCC _dBD-JhCC |
||
| 041 | _aeng | ||
| 082 |
_a891.4415 _bRAB 2008 |
||
| 100 |
_aTagore, Rabindranath _91 |
||
| 245 |
_aGitanjali : _bOffering of Songs / _cRabindranath Tagore, Brother James [Translation] |
||
| 250 | _aSecond Impression | ||
| 260 |
_aDhaka : _bThe University Press Limited, _c2008. |
||
| 300 |
_a176 p. : _c22 cm. |
||
| 650 | _aOffering of Songs | ||
| 700 | _aBrother James | ||
| 942 |
_2ddc _cBK |
||